<?xml version="1.0" encoding="UTF-8"?>
<record
    xmlns:xsi="http://www.w3.org/2001/XMLSchema-instance"
    xsi:schemaLocation="http://www.loc.gov/MARC21/slim http://www.loc.gov/standards/marcxml/schema/MARC21slim.xsd"
    xmlns="http://www.loc.gov/MARC21/slim">

  <leader>01151nam a22002657a 4500</leader>
  <controlfield tag="005">20170124102935.0</controlfield>
  <datafield tag="010" ind1=" " ind2=" ">
    <subfield code="a">A-594996</subfield>
  </datafield>
  <datafield tag="020" ind1=" " ind2=" ">
    <subfield code="c">120.00</subfield>
  </datafield>
  <datafield tag="035" ind1=" " ind2=" ">
    <subfield code="a">A-594996</subfield>
  </datafield>
  <datafield tag="037" ind1=" " ind2=" ">
    <subfield code="b">Cen Lib/Ret</subfield>
  </datafield>
  <datafield tag="040" ind1=" " ind2=" ">
    <subfield code="a">DPL</subfield>
    <subfield code="b">HN</subfield>
  </datafield>
  <datafield tag="082" ind1=" " ind2=" ">
    <subfield code="a">821</subfield>
    <subfield code="b">&#x935;&#x94D;&#x92F;&#x93E;&#x938;&#x92D;&#x948;</subfield>
  </datafield>
  <datafield tag="100" ind1=" " ind2=" ">
    <subfield code="a">&#x935;&#x94D;&#x92F;&#x93E;&#x938;, &#x92D;&#x948;&#x92F;&#x93E;&#x932;&#x93E;&#x932; </subfield>
    <subfield code="9">46351</subfield>
  </datafield>
  <datafield tag="245" ind1=" " ind2=" ">
    <subfield code="a">&#x924;&#x941;&#x92E; &#x92E;&#x924; &#x930;&#x94B;&#x928;&#x93E; /</subfield>
    <subfield code="c">&#x92D;&#x948;&#x92F;&#x93E;&#x932;&#x93E;&#x932; &#x935;&#x94D;&#x92F;&#x93E;&#x938; [&#x90F;&#x935;&#x902;] &#x935;&#x93F;&#x928;&#x94D;&#x927;&#x94D;&#x92F; &#x915;&#x94B;&#x915;&#x93F;&#x932; </subfield>
  </datafield>
  <datafield tag="246" ind1=" " ind2=" ">
    <subfield code="a">Tum mat rona /</subfield>
    <subfield code="b">by Bhaiyalaal Vyas [and] Vindhy Kokil </subfield>
  </datafield>
  <datafield tag="260" ind1=" " ind2=" ">
    <subfield code="b">&#x92E;&#x917;&#x927; &#x92A;&#x94D;&#x930;&#x915;&#x93E;&#x936;&#x928; </subfield>
    <subfield code="c">1992</subfield>
    <subfield code="a">&#x926;&#x93F;&#x932;&#x94D;&#x932;&#x940; </subfield>
  </datafield>
  <datafield tag="270" ind1=" " ind2=" ">
    <subfield code="b">&#x926;&#x93F;&#x932;&#x94D;&#x932;&#x940; </subfield>
    <subfield code="a">4649/123-&#x90F;, &#x928;&#x94D;&#x92F;&#x942; &#x92E;&#x949;&#x921;&#x930;&#x94D;&#x928; &#x936;&#x93E;&#x939;&#x926;&#x930;&#x93E;, &#x92E;&#x902;&#x921;&#x94B;&#x932;&#x940; &#x930;&#x94B;&#x921; </subfield>
    <subfield code="e">110032</subfield>
  </datafield>
  <datafield tag="300" ind1=" " ind2=" ">
    <subfield code="a">176&#x92A;&#x943;. </subfield>
    <subfield code="c">20&#x938;&#x947;&#x92E;&#x940; (&#x938;&#x91C;&#x93F;&#x932;&#x94D;&#x926;)</subfield>
  </datafield>
  <datafield tag="650" ind1=" " ind2=" ">
    <subfield code="a">&#x939;&#x93F;&#x928;&#x94D;&#x926;&#x940; -- &#x938;&#x93E;&#x939;&#x93F;&#x924;&#x94D;&#x92F; </subfield>
    <subfield code="9">46352</subfield>
  </datafield>
  <datafield tag="650" ind1=" " ind2=" ">
    <subfield code="a">&#x939;&#x93F;&#x928;&#x94D;&#x926;&#x940; -- &#x915;&#x93E;&#x935;&#x94D;&#x92F; </subfield>
    <subfield code="9">779</subfield>
  </datafield>
  <datafield tag="650" ind1=" " ind2=" ">
    <subfield code="a">Hindi - literature</subfield>
    <subfield code="9">46353</subfield>
  </datafield>
  <datafield tag="650" ind1=" " ind2=" ">
    <subfield code="a">Hindi - poetry</subfield>
    <subfield code="9">46354</subfield>
  </datafield>
  <datafield tag="700" ind1=" " ind2=" ">
    <subfield code="a">&#x915;&#x94B;&#x915;&#x93F;&#x932;, &#x935;&#x93F;&#x928;&#x94D;&#x927;&#x94D;&#x92F;</subfield>
    <subfield code="9">46355</subfield>
  </datafield>
  <datafield tag="942" ind1=" " ind2=" ">
    <subfield code="2">ddc</subfield>
    <subfield code="c">HN</subfield>
    <subfield code="h">821</subfield>
    <subfield code="m">&#x935;&#x94D;&#x92F;&#x93E;&#x938;&#x92D;&#x948;</subfield>
  </datafield>
  <datafield tag="999" ind1=" " ind2=" ">
    <subfield code="c">112210</subfield>
    <subfield code="d">112210</subfield>
  </datafield>
  <datafield tag="952" ind1=" " ind2=" ">
    <subfield code="0">0</subfield>
    <subfield code="1">0</subfield>
    <subfield code="4">0</subfield>
    <subfield code="7">0</subfield>
    <subfield code="a">L</subfield>
    <subfield code="b">L</subfield>
    <subfield code="d">2015-08-07</subfield>
    <subfield code="e">Cen Lib/Ret</subfield>
    <subfield code="g">120.00</subfield>
    <subfield code="l">0</subfield>
    <subfield code="o">821 &#x935;&#x94D;&#x92F;&#x93E;&#x938;&#x92D;&#x948;</subfield>
    <subfield code="p">A-594996</subfield>
    <subfield code="r">2015-08-07 00:00:00</subfield>
    <subfield code="t">1</subfield>
    <subfield code="v">120.00</subfield>
    <subfield code="w">2015-08-07</subfield>
    <subfield code="y">HN</subfield>
  </datafield>
</record>
